| 000 | 00550nam a22001817a 4500 | ||
|---|---|---|---|
| 005 | 20251108164716.0 | ||
| 008 | 250721s1993 xx 000 0 ara d | ||
| 082 | 1 | 4 | _a614.09565/زيا |
| 100 | 1 | _aزيادات، عادل | |
| 245 | 1 | 0 | _aالصحة في الأردن / |
| 264 | 1 |
_aعمان : _bلجنة تاريخ الأردن، _c1993. |
|
| 300 | _a136ص. | ||
| 490 | 0 | _aسلسلة الكتاب الأم في تاريخ الأردن ؛ 18 | |
| 650 | 1 | 7 | _aالصحة العامة |
| 650 | 1 | 7 | _aالأردن |
| 942 |
_2ddc _cBK |
||
| 999 |
_c12379 _d12379 |
||